<?xml version="1.0" encoding="UTF-8"?>
<collection xmlns="http://www.loc.gov/MARC21/slim">
 <record>
  <leader>00465pamaa2200157   4500</leader>
  <controlfield tag="001">0000012788</controlfield>
  <controlfield tag="005">20060601090000.0</controlfield>
  <datafield tag="020" ind1="0" ind2="0">
   <subfield code="a">0709924461 </subfield>
  </datafield>
  <datafield tag="082" ind1=" " ind2=" ">
   <subfield code="a">338.5 FIR</subfield>
  </datafield>
  <datafield tag="090" ind1="0" ind2="0">
   <subfield code="a">HB201 </subfield>
   <subfield code="b">FIR 1986</subfield>
  </datafield>
  <datafield tag="245" ind1="0" ind2="0">
   <subfield code="a">FIRMS and markets : </subfield>
   <subfield code="b">esays in honour of Basil Yamey  </subfield>
   <subfield code="c">edited by K. Tucker and C. Baden Fuller.</subfield>
  </datafield>
  <datafield tag="260" ind1="0" ind2="0">
   <subfield code="a">London: </subfield>
   <subfield code="b">Croom Helm, </subfield>
   <subfield code="c">1986.</subfield>
  </datafield>
  <datafield tag="300" ind1=" " ind2=" ">
   <subfield code="a">xiii, 271p.: </subfield>
   <subfield code="b">23cm.</subfield>
  </datafield>
  <datafield tag="650" ind1="0" ind2="0">
   <subfield code="a">Industrial economies </subfield>
  </datafield>
  <datafield tag="700" ind1="1" ind2="1">
   <subfield code="a">Tucker, </subfield>
   <subfield code="h">K. </subfield>
  </datafield>
  <datafield tag="700" ind1="1" ind2="1">
   <subfield code="a">FULLER, </subfield>
   <subfield code="h">C. Baden </subfield>
  </datafield>
 </record>
</collection>
